| 000 | 01484nam0a2200397 4500 | ||
|---|---|---|---|
| 001 | RU\NLR\bibl\432602 | ||
| 005 | 20250623172053.0 | ||
| 010 |
_a5-89144-271-X _910000 |
||
| 021 |
_aRU _b2003-31453 _91487 |
||
| 035 | _a(NLR Aleph) 000426442 | ||
| 090 |
_a727426 _c727426 |
||
| 100 | _a20030811d2002 |||y0rusy50 ca | ||
| 101 | 0 | _arus | |
| 102 | _aRU | ||
| 105 | _ag ||||||||| | ||
| 200 | 1 |
_aМузыкальные праздники в детском саду _e[Сценарии с нот. прил.] _fЕ. А. Антипина |
|
| 210 |
_aМ. _cСфера _d2002 |
||
| 215 |
_a70, [1] с. _cноты _d24 |
||
| 225 | 1 | _aВместе с музыкой | |
| 606 | 0 |
_aДетские праздники _xДошкольные учреждения _9957684 _3RU\NLR\auth\66357146 |
|
| 606 | 0 |
_aДошкольники _xМузыкальное воспитание _9953355 _3RU\NLR\auth\66354866 |
|
| 610 | 0 | _aПраздники в детском саду - Сценарии | |
| 610 | 0 | _aМузыкальное воспитание в детском саду | |
| 675 |
_a373.2.016:78 _v3 _zrus |
||
| 686 |
_a14.23 _2rugasnti |
||
| 686 |
_a74.102 _2rubbk |
||
| 686 | _aЩ338.3(2)7-9-4 | ||
| 686 | _aЧ411.355.23 | ||
| 686 | _aЧ411.36 | ||
| 700 | 1 |
_aАнтипина _bЕ. А. _gЕлена Анатольевна _4070 |
|
| 801 | 0 |
_aRU _bRKP _c20030811 _gPSBO |
|
| 801 | 1 |
_aRU _bRKP _c20030811 |
|
| 801 | 2 |
_aRU _bNLR _c20030918 _grcr |
|
| 942 | _cBOOK | ||
| 980 | _aNB | ||